Modern Certificate Chemistry / (Record no. 8737)
[ view plain ]
| 000 -LEADER | |
|---|---|
| fixed length control field | 00719nam a2200253 a 4500 |
| 001 - CONTROL NUMBER | |
| JCCL Control Number | 8737 |
| 003 - CONTROL NUMBER IDENTIFIER | |
| JCCL marc code | BD-JhCC |
| 005 - DATE AND TIME OF LATEST TRANSACTION | |
| control field | 20180924121930.0 |
| 008 - FIXED-LENGTH DATA ELEMENTS--GENERAL INFORMATION | |
| fixed length control field | 180203s1971 u a 001 0 eng d |
| 035 ## - SYSTEM CONTROL NUMBER | |
| system control number | (BD-JhCC)8737 |
| 040 ## - CATALOGING SOURCE | |
| Original cataloging agency | BD-JhCC |
| Transcribing agency | MFS |
| Modifying agency | BD-JhCC |
| 041 ## - LANGUAGE CODE | |
| Language code of Book | eng |
| 082 ## - DEWEY DECIMAL CLASSIFICATION NUMBER | |
| Author mark and Year | ATK 1971 |
| Classification number | 540 |
| 090 ## - LOCALLY ASSIGNED LC-TYPE CALL NUMBER (OCLC); LOCAL CALL NUMBER (OCLC) | |
| Classification number (OCLC) (R) ; Classification number, CALL (RLIN) (NR) | DS436.A1 |
| Local cutter number (OCLC) ; Book number/undivided call number, CALL (RLIN) | H5 v.9-10 |
| 100 ## - MAIN ENTRY--PERSONAL NAME | |
| Personal name | Atkinson, Arthur |
| 245 00 - TITLE STATEMENT | |
| Title | Modern Certificate Chemistry / |
| Statement of responsibility, etc | Arthur Atkinson, |
| 260 ## - PUBLICATION, DISTRIBUTION, ETC. (IMPRINT) | |
| Place of publication, distribution, etc | New York : |
| Name of publisher, distributor, etc | Oxford University Press, |
| Date of publication, distribution, etc | 1971 |
| 300 ## - PHYSICAL DESCRIPTION | |
| Pagination | 176 p. : |
| Other physical details | ill. ; |
| Dimensions | 25 cm |
| 504 ## - BIBLIOGRAPHY, ETC. NOTE | |
| Bibliography, etc | Includes bibliographies and indexes |
| 650 ## - SUBJECT ADDED ENTRY--TOPICAL TERM | |
| Topical term or geographic name as entry element | Chemistry |
| 651 #0 - SUBJECT ADDED ENTRY--GEOGRAPHIC NAME | |
| Geographic name | India |
| General subdivision | History |
| Chronological subdivision | British occupation, 1765-1947 |
| 942 ## - ADDED ENTRY ELEMENTS (KOHA) | |
| Source of classification or shelving scheme | Dewey Decimal Classification |
| Koha item type | Books |
| Source of classification or shelving scheme | Damaged status | Not for loan | Home library | Current library | Shelving location | Total Checkouts | Full call number | Barcode | Date last seen | Copy number | Koha item type |
|---|---|---|---|---|---|---|---|---|---|---|---|
| Dewey Decimal Classification | JCC Rouf Library | JCC Rouf Library | General Stacks | 540 ATK 1971 | 11514 | 03/03/2018 | C-1 | Books |